00537nam a2200181Ia 4500008004100000020001800041082001400059100002600073245003800099250000600137260003900143300001700182500002400199650001200223942000700235952009600242999001700338230524s9999 xx 000 0 und d a9789384588564 a5.82bAMJ aMohammad Amjad942985 0aCryptography and Network Security a1 aNew DelhibI.K.Internationalc2015 a"XVII,415p;" aQuantity Number: 1 aComp-Sc cBK 00104070aTATCLbTATCLcGENd2023-05-24l0o005.82 AMJp54226r2023-05-24w2023-05-24yBK c57935d57935